Toutes les communes du Val-de-Marne - Statistiques

Statistiques générales
  • Ce quiz a été pris 240 fois
  • Le résultat moyen est 24 sur 47
Réponses sur la Carte
Les réponses sont colorées sur une échelle allant du rouge au vert en fonction du pourcentage des utilisateurs qui les ont devinées à leur premier essai. Vous pouvez retrouver ces pourcentages ci-dessous.
 
Statistiques - réponses
Communes % Correct
Créteil
94%
Vincennes
79%
Vitry-sur-Seine
76%
Ivry-sur-Seine
75%
Alfortville
72%
Orly
70%
Maisons-Alfort
67%
Champigny-sur-Marne
66%
Saint-Maur-des-Fossés
64%
Nogent-sur-Marne
63%
Thiais
62%
Villeneuve-Saint-Georges
62%
Charenton-le-Pont
61%
Saint-Mandé
61%
Villejuif
61%
Fontenay-sous-Bois
60%
Choisy-le-Roi
57%
Cachan
56%
Bonneuil-sur-Marne
55%
Joinville-le-Pont
55%
L'Haÿ-les-Roses
55%
Arcueil
53%
Rungis
51%
Sucy-en-Brie
51%
Valenton
49%
Le Perreux-sur-Marne
48%
Bry-sur-Marne
47%
Chevilly-Larue
47%
Le Kremlin-Bicêtre
47%
Villiers-sur-Marne
47%
Fresnes
45%
Gentilly
45%
Limeil-Brévannes
45%
Saint-Maurice
45%
Villeneuve-le-Roi
45%
Ablon-sur-Seine
41%
Boissy-Saint-Léger
40%
Le Plessis-Trévise
40%
Ormesson-sur-Marne
38%
Chennevières-sur-Marne
35%
La Queue-en-Brie
33%
Marolles-en-Brie
27%
Villecresnes
27%
Santeny
26%
Mandres-les-Roses
25%
Noiseau
25%
Périgny
21%
Aucun quiz correspondant
Distribution des résultats
% des personnes avec chaque résultat
Percentile par nombre de réponses
Votre historique - résultats
Vous n’avez pas pris ce quiz